000
00313nam a2200121Ia 4500
005
20251222154337.0
008
251222s9999||||xx |||||||||||||| ||spa||
020
_a
84-206-0234-5
082
_a
REF.501/A81
100
_a
"Asimov, Isaac"
245
0
_a
Enciclopedia biográfica de ciencia y tecnologĂa
942
_c
LIB
999
_c
34366
_d
34366